<?xml version="1.0" encoding="UTF-8"?>
<record
    xmlns:xsi="http://www.w3.org/2001/XMLSchema-instance"
    xsi:schemaLocation="http://www.loc.gov/MARC21/slim http://www.loc.gov/standards/marcxml/schema/MARC21slim.xsd"
    xmlns="http://www.loc.gov/MARC21/slim">

  <leader>01793nam a22003017a 4500</leader>
  <controlfield tag="001">8819</controlfield>
  <controlfield tag="003">FISKH</controlfield>
  <controlfield tag="005">20251022082202.0</controlfield>
  <controlfield tag="008">251022b        cb ||||| |||| 00| 0 eng d</controlfield>
  <datafield tag="020" ind1=" " ind2=" ">
    <subfield code="a">9789996336065</subfield>
  </datafield>
  <datafield tag="040" ind1=" " ind2=" ">
    <subfield code="a">FISKH</subfield>
    <subfield code="b">khr</subfield>
    <subfield code="c">FISKH</subfield>
    <subfield code="d">FISKH</subfield>
  </datafield>
  <datafield tag="050" ind1=" " ind2=" ">
    <subfield code="a">PZ7</subfield>
  </datafield>
  <datafield tag="082" ind1=" " ind2=" ">
    <subfield code="a">895</subfield>
  </datafield>
  <datafield tag="100" ind1=" " ind2=" ">
    <subfield code="a">Try, Sun</subfield>
  </datafield>
  <datafield tag="245" ind1=" " ind2=" ">
    <subfield code="a">&#x179F;&#x17D2;&#x179A;&#x1798;&#x17C4;&#x1785; /</subfield>
    <subfield code="c">&#x17A2;&#x17D2;&#x1793;&#x1780;&#x1793;&#x17B7;&#x1796;&#x1793;&#x17D2;&#x1792; &#x179B;&#x17C4;&#x1780; &#x179F;&#x17CA;&#x17BB;&#x1793; &#x1791;&#x17D2;&#x179A;&#x17B8; ,&#x200B; &#x17A2;&#x17D2;&#x1793;&#x1780;&#x179A;&#x17C0;&#x1794;&#x179A;&#x17C0;&#x1784; &#x17A2;&#x1784;&#x17D2;&#x1782;&#x1780;&#x17B6;&#x179A;&#x179A;&#x17BC;&#x1798;&#x1792;&#x17BC;&#x179A;&#x17B8;&#x178A;&#x1780;&#x1798;&#x17D2;&#x1796;&#x17BB;&#x1787;&#x17B6; ,&#x200B; &#x179C;&#x17B7;&#x1785;&#x17B7;&#x178F;&#x17D2;&#x179A;&#x1780;&#x179A; &#x179B;&#x17C4;&#x1780; &#x1788;&#x17BE;&#x1793; &#x1785;&#x17B6;&#x1793;&#x17CB;&#x1793;&#x17B8;</subfield>
  </datafield>
  <datafield tag="260" ind1=" " ind2=" ">
    <subfield code="a">&#x1797;&#x17D2;&#x1793;&#x17C6;&#x1796;&#x17C1;&#x1789;  :</subfield>
    <subfield code="b">&#x17A2;&#x1784;&#x17D2;&#x1782;&#x1780;&#x17B6;&#x179A;&#x179A;&#x17BC;&#x1798;&#x1792;&#x17BC;&#x179A;&#x17B8;&#x178A;&#x1780;&#x1798;&#x17D2;&#x1796;&#x17BB;&#x1787;&#x17B6; ,</subfield>
    <subfield code="c">&#x17E2;&#x17E0;&#x17E1;&#x17E1;&#x200B; .</subfield>
  </datafield>
  <datafield tag="300" ind1=" " ind2=" ">
    <subfield code="a">10 pages : </subfield>
    <subfield code="b">color illustrations ;</subfield>
    <subfield code="c">25 cm . </subfield>
  </datafield>
  <datafield tag="505" ind1=" " ind2=" ">
    <subfield code="a">F 
</subfield>
  </datafield>
  <datafield tag="520" ind1=" " ind2=" ">
    <subfield code="a">&#x1780;&#x17BC;&#x1793;&#x179F;&#x17D2;&#x179A;&#x1798;&#x17C4;&#x1785;&#x178F;&#x17BC;&#x1785;&#x1785;&#x1784;&#x17CB;&#x1786;&#x17D2;&#x179B;&#x1784;&#x1791;&#x17B9;&#x1780;&#x17A2;&#x17BC;&#x179A;&#x1791;&#x17C5;&#x17AF;&#x178F;&#x17D2;&#x179A;&#x17BE;&#x1799;&#x1798;&#x17D2;&#x1781;&#x17B6;&#x1784; &#x1794;&#x17C9;&#x17BB;&#x1793;&#x17D2;&#x178F;&#x17C2;&#x179C;&#x17B6;&#x1798;&#x17B7;&#x1793;&#x1785;&#x17C1;&#x17C7;&#x17A0;&#x17C2;&#x179B;&#x1791;&#x17B9;&#x1780; &#x17D4;&#x200B; &#x1780;&#x17BC;&#x1793;&#x179F;&#x17D2;&#x179A;&#x1798;&#x17C4;&#x1785;&#x179A;&#x1780;&#x1798;&#x17BE;&#x179B;&#x1793;&#x17C5;&#x1787;&#x17BB;&#x17C6;&#x179C;&#x17B7;&#x1789;&#x1781;&#x17D2;&#x179B;&#x17BD;&#x1793; &#x179C;&#x17B6;&#x1780;&#x17CF;&#x1783;&#x17BE;&#x1789;&#x179F;&#x17D2;&#x179B;&#x17B9;&#x1780;&#x1788;&#x17BE;&#x1793;&#x17B7;&#x1784;&#x179F;&#x17C6;&#x1794;&#x1780;&#x178A;&#x17BC;&#x1784; &#x17D4; &#x178F;&#x17BE;&#x1780;&#x17BC;&#x1793;&#x179F;&#x17D2;&#x179A;&#x1798;&#x17C4;&#x1785;&#x1792;&#x17D2;&#x179C;&#x17BE;&#x1799;&#x17C9;&#x17B6;&#x1784;&#x178E;&#x17B6;&#x1791;&#x17BE;&#x1794;&#x17A2;&#x17B6;&#x1785;&#x1786;&#x17D2;&#x179B;&#x1784;&#x1791;&#x17C5;&#x178F;&#x17D2;&#x179A;&#x17BE;&#x1799;&#x1798;&#x17D2;&#x1781;&#x17B6;&#x1784;&#x1791;&#x17C0;&#x178F;&#x1794;&#x17B6;&#x1793; ? </subfield>
  </datafield>
  <datafield tag="520" ind1=" " ind2=" ">
    <subfield code="a">An ant wishes to cross a stream, but he cannot swim across . He looks around and notices some leaves and coconut shells. What can the ant do to reach the oppostie bank ? </subfield>
  </datafield>
  <datafield tag="521" ind1="8" ind2=" ">
    <subfield code="a">300 
</subfield>
    <subfield code="b">Lexile estimate
</subfield>
  </datafield>
  <datafield tag="521" ind1="8" ind2=" ">
    <subfield code="a">F 
</subfield>
    <subfield code="b">Raz-Plus 
 
</subfield>
  </datafield>
  <datafield tag="650" ind1=" " ind2=" ">
    <subfield code="a">&#x179F;&#x17D2;&#x179A;&#x1798;&#x17C4;&#x1785;</subfield>
    <subfield code="v">&#x179A;&#x17BF;&#x1784;&#x1793;&#x17B7;&#x1791;&#x17B6;&#x1793;&#x1780;&#x17BB;&#x1798;&#x17B6;&#x179A;&#x200B;</subfield>
  </datafield>
  <datafield tag="650" ind1=" " ind2=" ">
    <subfield code="a">Ant</subfield>
    <subfield code="v">Children's Stories </subfield>
  </datafield>
  <datafield tag="700" ind1=" " ind2=" ">
    <subfield code="a">Channy, Chhoeun</subfield>
    <subfield code="e">Illustrator </subfield>
  </datafield>
  <datafield tag="942" ind1=" " ind2=" ">
    <subfield code="2">ddc</subfield>
    <subfield code="c">KHB</subfield>
    <subfield code="n">0</subfield>
  </datafield>
  <datafield tag="999" ind1=" " ind2=" ">
    <subfield code="c">8819</subfield>
    <subfield code="d">8819</subfield>
  </datafield>
  <datafield tag="952" ind1=" " ind2=" ">
    <subfield code="0">0</subfield>
    <subfield code="1">0</subfield>
    <subfield code="2">ddc</subfield>
    <subfield code="4">0</subfield>
    <subfield code="7">0</subfield>
    <subfield code="8">KH</subfield>
    <subfield code="a">002</subfield>
    <subfield code="b">002</subfield>
    <subfield code="c">TTP Khmer</subfield>
    <subfield code="d">2025-10-22</subfield>
    <subfield code="l">0</subfield>
    <subfield code="o">TRY PZ7 895</subfield>
    <subfield code="p">FISTKG2A006</subfield>
    <subfield code="r">2025-10-22 08:21:58</subfield>
    <subfield code="t">1</subfield>
    <subfield code="w">2025-10-22</subfield>
    <subfield code="y">KHB</subfield>
  </datafield>
  <datafield tag="952" ind1=" " ind2=" ">
    <subfield code="0">0</subfield>
    <subfield code="1">0</subfield>
    <subfield code="2">ddc</subfield>
    <subfield code="4">0</subfield>
    <subfield code="7">0</subfield>
    <subfield code="8">KH</subfield>
    <subfield code="a">002</subfield>
    <subfield code="b">002</subfield>
    <subfield code="c">TTP Khmer</subfield>
    <subfield code="d">2025-11-10</subfield>
    <subfield code="l">0</subfield>
    <subfield code="o">TRY PZ7 895</subfield>
    <subfield code="p">FISBK04016</subfield>
    <subfield code="r">2025-11-10 16:09:46</subfield>
    <subfield code="t">2</subfield>
    <subfield code="w">2025-11-10</subfield>
    <subfield code="y">KHB</subfield>
  </datafield>
  <datafield tag="952" ind1=" " ind2=" ">
    <subfield code="0">0</subfield>
    <subfield code="1">0</subfield>
    <subfield code="2">ddc</subfield>
    <subfield code="4">0</subfield>
    <subfield code="7">0</subfield>
    <subfield code="8">KH</subfield>
    <subfield code="a">002</subfield>
    <subfield code="b">002</subfield>
    <subfield code="c">TTP Khmer</subfield>
    <subfield code="d">2025-11-11</subfield>
    <subfield code="l">0</subfield>
    <subfield code="o">TRY PZ7 895</subfield>
    <subfield code="p">FISBK04087</subfield>
    <subfield code="r">2025-11-11 15:14:29</subfield>
    <subfield code="t">3</subfield>
    <subfield code="w">2025-11-11</subfield>
    <subfield code="y">KHB</subfield>
  </datafield>
</record>
